New Directions In Sustainable Design (Record no. 14454)
[ view plain ]
| 000 -LEADER | |
|---|---|
| fixed length control field | 00458nam a2200169Ia 4500 |
| 008 - FIXED-LENGTH DATA ELEMENTS--GENERAL INFORMATION | |
| fixed length control field | 220803s9999 xx 000 0 und d |
| 020 ## - INTERNATIONAL STANDARD BOOK NUMBER | |
| International Standard Book Number | 978-0-415-78037-7 |
| 041 ## - LANGUAGE CODE | |
| Language code of text/sound track or separate title | eng |
| 082 ## - DEWEY DECIMAL CLASSIFICATION NUMBER | |
| Classification number | 720.47 PAR/ZAR |
| 100 ## - MAIN ENTRY--PERSONAL NAME | |
| Personal name | Parr A Ed. |
| 9 (RLIN) | 22170 |
| 245 ## - TITLE STATEMENT | |
| Title | New Directions In Sustainable Design |
| 260 ## - PUBLICATION, DISTRIBUTION, ETC. (IMPRINT) | |
| Place of publication, distribution, etc. | London |
| Name of publisher, distributor, etc. | Routledge |
| Date of publication, distribution, etc. | 2011 |
| 300 ## - PHYSICAL DESCRIPTION | |
| Extent | 262p |
| 500 ## - GENERAL NOTE | |
| Keywords | Environment |
| 650 ## - SUBJECT ADDED ENTRY--TOPICAL TERM | |
| Topical term or geographic name as entry element | Environmental Architecture |
| 9 (RLIN) | 22171 |
| 700 ## - ADDED ENTRY--PERSONAL NAME | |
| Personal name | Zaretsky M Ed. |
| 9 (RLIN) | 22172 |
| Withdrawn status | Lost status | Damaged status | Not for loan | Collection code | Home library | Current library | Shelving location | Date acquired | Vendor | Cost, normal purchase price | Full call number | Barcode | Date last seen | Cost, replacement price | Bill Date | Koha item type | Original Barcode |
|---|---|---|---|---|---|---|---|---|---|---|---|---|---|---|---|---|---|
| Book of M Arch EA | Dr. Bhanuben Nanavati College of Architecture | Dr. Bhanuben Nanavati College of Architecture | 12/04/2011 | Word Book Shop | 1859.00 | 720.4 PAR/ZAR | BNCA-BK-7383 | 03/08/2022 | 29.99 | 07/04/2011 | Reference book | B007383 | |||||
| Book of M Arch EA | Dr. Bhanuben Nanavati College of Architecture | Dr. Bhanuben Nanavati College of Architecture | 12/12/2012 | Word Book Shop | 2078.03 | 720.4 PAR/ZAR | BNCA-BK-8043 | 03/08/2022 | 29.99 | 06/12/2012 | Reference book | B008043 |